| 000 | 01024nam a22002297a 4500 | ||
|---|---|---|---|
| 005 | 20240530110511.0 | ||
| 008 | 151101s2011 ua a g 000 0 ara d | ||
| 017 |
_a2011/9631 _bمصر . دار الكتب المصرية |
||
| 040 | _aEG-CaGPL | ||
| 082 | 0 | 4 |
_221 _a327.730624\ _bإ أ |
| 100 | 0 | _aامبارى لو بشير . | |
| 245 | 1 | 0 |
_aامريكا الاسلام و السودان : _bقراءات فى غياهب الفكر السياسى الحديث / _cامبارى لو بشير . |
| 250 | _aط1. | ||
| 260 |
_aالقاهرة : _bمكتبة جزيرة الورد ، _c2011 . |
||
| 300 |
_a128 ص ؛ _c24 سم . |
||
| 490 | 0 | _aمركز البحوث العربية و الافريقية . | |
| 651 | 0 | 4 |
_aالسودان _xالعلاقات الخارجية _zالولايات المتحدة الامريكية . |
| 651 | 0 | 4 |
_aالسودان _xالاحوال السياسية . |
| 651 | 0 | 4 |
_aالسودان _xالاحوال الدينية . |
| 942 |
_2ddc _cBK |
||
| 999 |
_c61669 _d61669 |
||